00942nam a2200229 a 450000100100000000500170001000800410002702000150006804000250008304100390010808200130014710000280016024000620018824501230025026000380037330000210041149000420043253400850047450000740055970000370063383000420067000002434720200930022931.0110126s1986 mx r 001 0 spa d a9684093594 aDO-SdBNPbspacBNPHU17aspaheng2Código de idiomas MARC ann*bnn*1 aEaton Gunn, Chistopher.10aWorkers´self management in the united states.lEspañol13aLa autoadministración obrera en los Estados Unidos /cChistopher Eaton Gunn ; traducción Aurora Merino del Villar. aMéxico, D. F. :bEdamex,c1986. a317 p. ;c21 cm.1 aLos libros hacen libres a los hombres aTítulo de la obra en inglés :tWorkers´self management in the united states aIncluye referencias bibliográficas y notas al pie de las páginas.1 aMerillo del Villar, Aurora,etr. 0aLos libros hacen libres a los hombres